000 00498nam a2200169Ia 4500
999 _c1582
_d1582
003 OSt
005 20200928150740.0
008 190216s9999||||xx |||||||||||||| ||und||
040 _coclc
082 _a581
_bRAG/P
100 _aRagland, Annie
_94791
245 0 _aPteridophytes,Gymnosperms And Palaeobotany /
_cAnnie Ragland ; Kumaresan
260 _bSaras Publications,
_aNagercoil:
_c2002.
300 _a401p
650 _aBotany
942 _cBK
_2ddc
_h581
_iRAG/P
_k581
_mRAG/P